[Event "It (open)"]
[Site "masterchessopen.com Pula (Croatia)"]
[Round "5"]
[White "Jelen Igor (SLO)"]
[Black "Vukanovic Sasa (SRB)"]
[Result "0-1"]
[WhiteElo "2380"]
[BlackElo "2339"]

1.d4 Nf6 2.c4 e6 3.Nc3 Bb4 4.e3 c5 5.Bd3 d5 6.cxd5 exd5 7.Ne2 Nc6 8.a3 cxd4
9.exd4 Be7 10.O-O O-O 11.Qc2 h6 12.f3 a6 13.Be3 Bd6 14.g4 Be6 15.g5 hxg5
16.Bxg5 Be7 17.Nf4 Nxd4 18.Qg2 Bf5 19.Bh6 Ne8 20.Nh5 Bg6 21.Bxg6 fxg6 22.Qxg6
Qd6 23.Qxd6 Bxd6 24.Bc1 Nxf3+ 25.Kh1 Nc7 26.Ng3 Rae8 27.b4 Be5 28.Bb2 Nb5
29.Rac1 Nxc3 30.Bxc3 Bxg3 31.hxg3 Re2 {#R} 0-1

[Event "It (open)"]
[Site "masterchessopen.com Sas Van Gent (Netherlands)"]
[Round "3"]
[White "Jelen Igor (SLO)"]
[Black "Roberts Mark (ENG)"]
[Result "1-0"]
[WhiteElo "2380"]
[BlackElo "2076"]

1.d4 Nf6 2.c4 e6 3.Nc3 Bb4 4.e3 c5 5.Bd3 Nc6 6.Ne2 Bxc3+ 7.bxc3 d6 8.O-O e5
9.d5 Ne7 10.Ng3 O-O 11.f4 exf4 12.exf4 Ng6 13.f5 Ne5 14.Bg5 h6 15.Bh4 b5
16.Nh5 bxc4 17.Bxf6 gxf6 18.Bc2 Kh7 19.Qe1 Rg8 20.Qh4 Rg5 21.Rae1 Bb7 22.Re3
Bxd5 23.Rg3 Rxg3 24.hxg3 Nd7 25.Ba4 Nb6 26.Bb5 a6 27.Nxf6+ Kg7 28.Ne8+ Kh7
29.f6 Qc8 30.Nxd6 Qf8 31.Nxc4 axb5 32.Nxb6 Rd8 33.Nxd5 {#r} 1-0

[Event "It (open)"]
[Site "masterchessopen.com Wiesbaden (Germany)"]
[Round "0"]
[White "Gustavsson Cyrill (SWE)"]
[Black "Rapp Ralf (GER)"]
[Result "0-1"]
[WhiteElo "2206"]
[BlackElo "2255"]

1.d4 Nf6 2.c4 e6 3.Nc3 Bb4 4.e3 c5 5.Bd3 Nc6 6.Ne2 cxd4 7.exd4 d5 8.a3 Be7
9.O-O O-O 10.Bg5 dxc4 11.Bxc4 Qa5 12.f4 Rd8 13.b4 Qc7 14.Qd3 a5 15.Nb5 Qb6
16.bxa5 Nxa5 17.Ba2 Bd7 18.Rab1 Qa6 19.f5 exf5 20.Ng3 g6 21.Qe3 Bxb5 22.Qxe7
Nd5 23.Qc5 Bxf1 24.Bxd8 Bc4 25.Bxc4 Qxc4 26.Qd6 Qxd4+ 27.Kh1 Nc4 28.Qd7 Qe5
29.Bg5 f4 30.Qxb7 Re8 31.Rf1 Nce3 {#R} 0-1

[Event "It"]
[Site "masterchessopen.com Anapa (Russia)"]
[Round "0"]
[White "Skalik Przemyslaw (POL)"]
[Black "Ruban Vadim (RUS)"]
[Result "0-1"]
[WhiteElo "2370"]
[BlackElo "2575"]

1.d4 Nf6 2.c4 e6 3.Nc3 Bb4 4.e3 c5 5.Bd3 Nc6 6.Nf3 Bxc3+ 7.bxc3 d6 8.O-O e5
9.Qc2 Qe7 10.d5 e4 11.dxc6 exf3 12.gxf3 bxc6 13.Kh1 Be6 14.Rg1 g6 15.Rb1 Nd7
16.Qa4 O-O 17.Be2 Nb6 18.Qa6 f5 19.Rd1 Rad8 20.Bd2 Rd7 21.Be1 f4 22.e4 Bh3
23.Bd2 Qh4 24.Bf1 Bxf1 25.Rxf1 Qh3 {#R} 0-1

[Event "It \"]
[Site "masterchessopen.com Budapest (Hungary)"]
[Round "0"]
[White "Lukacs Peter (HUN)"]
[Black "Somlai Laszlo (HUN)"]
[Result "1-0"]
[WhiteElo "2500"]
[BlackElo "2347"]

1.d4 e6 2.c4 Bb4+ 3.Nc3 Nf6 4.e3 c5 5.Bd3 Nc6 6.Nf3 Bxc3+ 7.bxc3 d6 8.e4 e5
9.d5 Ne7 10.Nh4 h6 11.f4 exf4 12.Bxf4 g5 13.e5 Ng4 14.e6 Nf6 15.O-O fxe6
16.Be5 dxe5 17.Rxf6 gxh4 18.Qh5+ Kd7 19.Rxe6 Rg8 20.Qxe5 {#r} 1-0

[Event "It (open) \"]
[Site "masterchessopen.com Cologne (Germany)"]
[Round "0"]
[White "Sonntag Hans-Hubert (GER)"]
[Black "Buscher Michael (GER)"]
[Result "1-0"]
[WhiteElo "2385"]
[BlackElo "2344"]

1.d4 Nf6 2.c4 e6 3.Nc3 Bb4 4.e3 c5 5.Bd3 Nc6 6.Nf3 Bxc3+ 7.bxc3 d6 8.Qc2 O-O
9.O-O b6 10.Nd2 e5 11.d5 Na5 12.Nb3 Nb7 13.a4 a5 14.Nd2 Rb8 15.h3 Qe8 16.f4
Nd8 17.f5 Qe7 18.g4 h6 19.e4 Nh7 20.Nf3 Ng5 21.Nxg5 hxg5 22.h4 f6 23.hxg5 fxg5
24.Qh2 Qf6 25.Kg2 Nf7 26.Rh1 Rd8 27.Be3 Bd7 28.Kg3 Be8 29.Qd2 Kf8 30.Rh5 Rb7
31.Rxg5 Nh6 32.Rh1 Kg8 33.Rxg7+ Rxg7 34.Bxh6 {#r} 1-0

[Event "It (open) \"]
[Site "masterchessopen.com Denmark"]
[Round "0"]
[White "Hansen Carsten (DEN)"]
[Black "Sergeev Vasily (RUS)"]
[Result "0-1"]
[WhiteElo "2290"]
[BlackElo "2021"]

1.d4 Nf6 2.c4 e6 3.Nc3 Bb4 4.e3 c5 5.Bd3 Nc6 6.Ne2 d5 7.cxd5 exd5 8.O-O c4
9.Bc2 Bd6 10.Ng3 h5 11.f4 Bb4 12.a3 Ba5 13.Nf5 h4 14.Nb5 Kf8 15.e4 dxe4 16.Ne3
a6 17.Nc3 Bb6 18.Nxc4 Bxd4+ 19.Be3 b5 20.Bxd4 Nxd4 21.Ne3 Qb6 22.Re1 Bg4
23.Qc1 h3 24.Bxe4 Re8 25.Bd5 Ne2+ 26.Rxe2 Bxe2 27.Ne4 Nxd5 28.Qc5+ Qxc5 {#R}
0-1

[Event "It (open)"]
[Site "masterchessopen.com Hastings (England)"]
[Round "0"]
[White "Sadler Matthew (ENG)"]
[Black "Howell James C (ENG)"]
[Result "1-0"]
[WhiteElo "2440"]
[BlackElo "2495"]

1.d4 Nf6 2.c4 e6 3.Nc3 Bb4 4.e3 c5 5.Bd3 Nc6 6.Ne2 cxd4 7.exd4 d5 8.cxd5 Nxd5
9.O-O O-O 10.Bc2 Re8 11.a3 Bf8 12.Qd3 g6 13.Rd1 Nxc3 14.bxc3 b6 15.Ng3 Bb7
16.Ne4 Na5 17.Ng5 Be7 18.Qg3 Qd5 19.Be4 Qb3 20.Qf3 Rf8 21.Re1 Rab8 22.Bf4 Bxe4
23.Nxe4 Rb7 24.Bh6 Rc8 25.Nf6+ Kh8 26.d5 Rxc3 27.Qf4 Rc4 28.Qe5 Qc3 29.Qxc3
Rxc3 30.dxe6 fxe6 31.Rxe6 Rc6 32.Rae1 Rxe6 33.Rxe6 b5 34.Nd5 {#r} 1-0

[Event "Tournament"]
[Site "masterchessopen.com Helsingborg (Sweden)"]
[Round "0"]
[White "Eriksson Johan (SWE)"]
[Black "Solin Niclas (SWE)"]
[Result "1-0"]
[WhiteElo "2393"]
[BlackElo "2270"]

1.d4 Nf6 2.c4 e6 3.Nc3 Bb4 4.e3 c5 5.Bd3 Nc6 6.Ne2 cxd4 7.exd4 d5 8.O-O O-O
9.cxd5 Nxd5 10.Bc2 b6 11.Qd3 g6 12.Rd1 Bb7 13.Nxd5 exd5 14.Qg3 Be7 15.Nf4 Bf6
16.Be3 Bg7 17.h4 Ne7 18.h5 Qc8 19.Rac1 Nf5 20.Bxf5 Qxf5 21.Rc7 Ba6 22.hxg6
hxg6 23.Rdc1 Rfc8 24.Nh3 Rxc7 25.Rxc7 Rc8 26.Rxa7 Qb1+ 27.Kh2 Bb5 28.Ng5 Be8
29.Qh4 Rd8 30.Qh7+ Kf8 31.Ne6+ {#r} 1-0

[Event "Tournament"]
[Site "masterchessopen.com Helsingborg (Sweden)"]
[Round "0"]
[White "Sandstrom Ludvig (SWE)"]
[Black "Astrom Goran (SWE)"]
[Result "1-0"]
[WhiteElo "2354"]
[BlackElo "2284"]

1.d4 Nf6 2.c4 e6 3.Nc3 Bb4 4.e3 c5 5.Bd3 Nc6 6.Ne2 cxd4 7.exd4 d5 8.cxd5 Nxd5
9.Bc2 Be7 10.a3 O-O 11.Qd3 g6 12.Bh6 Re8 13.O-O b6 14.Rad1 Bb7 15.Bb3 Rc8
16.Rfe1 Rc7 17.Nxd5 exd5 18.Bf4 Rc8 19.Nc3 Na5 20.Ba4 Bc6 21.Bxc6 Nxc6 22.Qb5
Bf6 23.Rxe8+ Qxe8 24.Nxd5 Bg7 25.Qc4 Rd8 26.Qxc6 {#r} 1-0

[Event "Ch Central Chess Club"]
[Site "masterchessopen.com Moscow (Russia)"]
[Round "6"]
[White "Boguslawsky Maxim (RUS)"]
[Black "Mitenkov Alexey (RUS)"]
[Result "0-1"]
[WhiteElo "2300"]
[BlackElo "2449"]

1.d4 Nf6 2.c4 e6 3.Nc3 Bb4 4.e3 c5 5.Bd3 Nc6 6.Nf3 Bxc3+ 7.bxc3 d6 8.e4 e5
9.d5 Ne7 10.O-O Ng6 11.Ne1 Qe7 12.a4 Nf4 13.Bb1 g5 14.Ra2 h5 15.Kh1 h4 16.g3
Nh3 17.Bd3 Bd7 18.Qb3 O-O-O 19.Rb2 Bg4 20.f3 hxg3 21.fxg4 Nxg4 22.Kg2 Nhf2
23.Rfxf2 gxf2 24.Nf3 f6 25.h3 Nh6 26.Kxf2 g4 27.hxg4 Nxg4+ 28.Ke2 Rh1 29.Kd2
Nf2 30.Be2 Qh7 31.Rb1 Nxe4+ {#R} 0-1

[Event "It (open) \"]
[Site "masterchessopen.com Moscow (Russia)"]
[Round "0"]
[White "Verdihanov Vladislav (AZE)"]
[Black "Savon Vladimir A (UKR)"]
[Result "0-1"]
[WhiteElo "2429"]
[BlackElo "2460"]

1.d4 Nf6 2.c4 e6 3.Nc3 Bb4 4.e3 c5 5.Bd3 Nc6 6.Ne2 d5 7.cxd5 exd5 8.a3 cxd4
9.exd4 Bxc3+ 10.bxc3 O-O 11.O-O Re8 12.f3 h6 13.Qe1 Na5 14.Rb1 Nc4 15.Qf2 Qe7
16.Bxc4 dxc4 17.Ng3 Nd5 18.Bd2 Qxa3 19.Nh5 Qd6 20.Rfe1 Bf5 21.Rxe8+ Rxe8
22.Rxb7 Qa6 23.Qg3 Qa1+ 24.Kf2 {#R} 0-1

[Event "It"]
[Site "masterchessopen.com Podolsk (Russia)"]
[Round "0"]
[White "Nikolaev Sergej (RUS)"]
[Black "Kiselev Sergey (RUS)"]
[Result "0-1"]
[WhiteElo "2375"]
[BlackElo "2510"]

1.d4 Nf6 2.c4 e6 3.Nc3 Bb4 4.e3 c5 5.Bd3 Nc6 6.Nf3 Bxc3+ 7.bxc3 d6 8.O-O e5
9.d5 Ne7 10.Qc2 O-O 11.Ne1 h6 12.g3 Bh3 13.Ng2 Nd7 14.f4 f5 15.Bd2 e4 16.Be2
Nf6 17.Rfb1 b6 18.a4 Rc8 19.a5 bxa5 20.Qa2 Rc7 21.Qxa5 Bg4 22.Bxg4 Nxg4 23.Rb2
Nc8 24.Rb8 Qd7 25.Rab1 Nb6 26.Rxf8+ Kxf8 27.Qa6 Qc8 28.Qa2 Qe8 29.Nh4 Qh5
30.h3 Nf6 31.Be1 Kg8 32.Ra1 Kh7 33.Rb1 Rd7 34.Ra1 g5 {#R} 0-1

[Event "Memorial S.Belavenets"]
[Site "masterchessopen.com Smolensk (Russia)"]
[Round "-17"]
[White "Neverov Valeriy (UKR)"]
[Black "Gagarin Vasilij (RUS)"]
[Result "0-1"]
[WhiteElo "2540"]
[BlackElo "2419"]

1.d4 Nf6 2.c4 e6 3.Nc3 Bb4 4.e3 c5 5.Bd3 Nc6 6.Nf3 Bxc3+ 7.bxc3 d6 8.O-O e5
9.Nd2 O-O 10.Re1 h6 11.d5 Ne7 12.Qc2 Ne8 13.e4 f5 14.exf5 Bxf5 15.Ne4 Qd7
16.Rb1 b6 17.Rb2 Nf6 18.Ng3 Bxd3 19.Qxd3 Nh7 20.Rbe2 Rf7 21.f4 exf4 22.Bxf4
Raf8 23.Re6 Nc8 24.Bd2 Qd8 25.Ne4 Qh4 26.h3 Nf6 27.Nxd6 Nxd6 28.Rxd6 Nh5
29.Rde6 Qf2+ 30.Kh2 Rf3 31.R6e3 Nf4 32.Qf1 Qxf1 {#R} 0-1

[Event "It (open)"]
[Site "masterchessopen.com Zaragoza (Spain)"]
[Round "2"]
[White "Benito Alba Eladio (ESP)"]
[Black "Slipak Sergio (ARG)"]
[Result "0-1"]
[WhiteElo "1786"]
[BlackElo "2432"]

1.d4 Nf6 2.c4 e6 3.Nc3 Bb4 4.e3 c5 5.Bd3 Nc6 6.Nf3 Bxc3+ 7.bxc3 d6 8.O-O e5
9.d5 Ne7 10.Qc2 O-O 11.Ng5 h6 12.Nh7 Nxh7 13.Bxh7+ Kh8 14.Bd3 f5 15.e4 f4
16.f3 g5 17.Be2 h5 18.Qd3 Ng6 19.Bd2 Rf7 20.Kh1 Qe7 21.Be1 Bd7 22.Bf2 g4
23.Bg1 Rg8 24.Rab1 Bc8 25.a4 g3 26.Rb2 Nh4 27.Bd1 Rfg7 28.Qd2 Bh3 {#R} 0-1

[Event "Verbandsliga North 1991/92"]
[Site "masterchessopen.com Baden-Wuerttemberg (Germany)"]
[Round "0"]
[White "Walter Helmut (GER)"]
[Black "Wiechert Hans (GER)"]
[Result "1-0"]
[WhiteElo "2167"]
[BlackElo "2271"]

1.d4 Nf6 2.c4 e6 3.Nc3 Bb4 4.e3 c5 5.Bd3 Nc6 6.Nf3 Bxc3+ 7.bxc3 d6 8.O-O e5
9.d5 Ne7 10.e4 Ng6 11.Ne1 O-O 12.f3 Ne8 13.g4 Nh4 14.Ng2 g6 15.Bh6 Ng7 16.Qd2
Nxg2 17.Kxg2 f5 18.gxf5 gxf5 19.Rg1 f4 20.Kh1 Rf7 21.Qg2 Qd7 22.Qg5 Qc7 23.Qh4
Kh8 24.Rxg7 {#r} 1-0

[Event "Ch Belgium"]
[Site "masterchessopen.com Belgium"]
[Round "0"]
[White "Mohandesi Shahin (IRI)"]
[Black "Van Hoolandt Patrick (MNC)"]
[Result "1-0"]
[WhiteElo "2210"]
[BlackElo "2148"]

1.d4 Nf6 2.c4 e6 3.Nc3 Bb4 4.e3 c5 5.Bd3 Nc6 6.Ne2 cxd4 7.exd4 d5 8.cxd5 Nxd5
9.O-O Nxc3 10.bxc3 Bd6 11.Ng3 Bd7 12.Re1 Kf8 13.Ne4 Be7 14.Bf4 Be8 15.Qf3 b6
16.Rad1 Na5 17.Ba6 Bc6 18.Qe2 Qd5 19.f3 b5 20.Rb1 Nc4 21.a4 Na3 22.axb5 Nxb1
23.bxc6 Nxc3 24.Nxc3 Qxc6 25.Ne4 Rd8 26.Rc1 Qa4 27.Be3 Qa5 28.Nc5 Qa3 29.Bb5
h6 30.Nd7+ Kg8 31.Ne5 Rxd4 32.Nc4 Rxc4 33.Bxc4 Kh7 {#r} 1-0

[Event "It \"]
[Site "masterchessopen.com Buenos Aires (Argentina)"]
[Round "4"]
[White "Rodriguez Jorge Luis (ARG)"]
[Black "Benko Francisco (ARG)"]
[Result "1-0"]
[WhiteElo "2401"]
[BlackElo "2036"]

1.d4 Nf6 2.c4 e6 3.Nc3 Bb4 4.e3 c5 5.Bd3 Nc6 6.a3 cxd4 7.exd4 Bxc3+ 8.bxc3 d5
9.Nf3 Qa5 10.Bd2 O-O 11.O-O dxc4 12.Bxc4 Qc7 13.Qe2 b6 14.Bd3 h6 15.Ne5 Bb7
16.f4 Nh7 17.Rae1 Rfe8 18.Qh5 f5 19.Bb5 Nf6 20.Qg6 Re7 21.Rf3 Rf8 22.Rh3 h5
23.Be2 Nxe5 24.fxe5 Ng4 25.Rxh5 Qc6 26.Bf3 Qe8 27.Qh7+ Kf7 28.Bxg4 fxg4
29.Rf1+ {#r} 1-0

[Event "It (open)"]
[Site "masterchessopen.com Czestochowa (Poland)"]
[Round "7"]
[White "Agrest Evgenij (SWE)"]
[Black "Gelman Alexander (RUS)"]
[Result "1-0"]
[WhiteElo "2599"]
[BlackElo "2430"]

1.d4 Nf6 2.c4 e6 3.Nc3 Bb4 4.e3 c5 5.Bd3 d5 6.cxd5 Nxd5 7.Ne2 cxd4 8.exd4 Nc6
9.O-O O-O 10.Be4 Re8 11.Qb3 Bd6 12.g3 Nxc3 13.bxc3 e5 14.Qc2 g6 15.Rd1 Qe7
16.d5 Na5 17.c4 Bg4 18.f3 Bh3 19.Bd2 Qc7 20.Kh1 Nxc4 21.g4 Rf8 22.Rac1 f5
23.gxf5 gxf5 24.Bd3 Nxd2 25.Qxd2 Qe7 26.Qh6 e4 27.Qxh3 exd3 28.Nd4 Qe5 29.Ne6
Qxd5 30.Rg1+ Kh8 31.Rg7 {#r} 1-0

[Event "Ch Denmark (team) 1992/93"]
[Site "masterchessopen.com Denmark"]
[Round "2"]
[White "Kjeldsen Jens (DEN)"]
[Black "Holst Allan (DEN)"]
[Result "1-0"]
[WhiteElo "2365"]
[BlackElo "2270"]

1.d4 Nf6 2.c4 e6 3.Nc3 Bb4 4.e3 c5 5.Bd3 Nc6 6.Ne2 cxd4 7.exd4 d5 8.cxd5 Nxd5
9.Bc2 e5 10.O-O Nxc3 11.bxc3 Bd6 12.Qd3 Qh4 13.Ng3 exd4 14.Re1+ Kf8 15.Re4 Qd8
16.Bb3 h5 17.Qf3 Qf6 18.Bf4 Bc5 19.Nxh5 Qg6 20.Ng3 Bg4 21.Qd3 Rd8 22.Rae1 Kg8
23.Qc4 b6 24.Bc2 Be6 25.Qb5 d3 26.Bxd3 Qf6 27.Be3 Qxc3 28.Bxc5 Qxc5 29.Qb1 Qd5
30.Bc4 Qxc4 31.Rxc4 Bxc4 32.Qe4 Nd4 33.Rd1 Rh4 34.Qe1 b5 {#r} 1-0

[Event "Ch World (juniors) (under 18)"]
[Site "masterchessopen.com Duisburg (Germany)"]
[Round "0"]
[White "Tsemekhman Vadim (USA)"]
[Black "Berzinsh Roland (LAT)"]
[Result "1-0"]
[WhiteElo "2355"]
[BlackElo "2390"]

1.d4 Nf6 2.c4 e6 3.Nc3 Bb4 4.e3 c5 5.Bd3 Nc6 6.Nf3 Bxc3+ 7.bxc3 d6 8.O-O e5
9.Nd2 O-O 10.d5 Ne7 11.Qc2 Ng6 12.f4 exf4 13.exf4 Re8 14.Nf3 Bd7 15.f5 Ne5
16.Nxe5 dxe5 17.Be2 Qa5 18.a4 Rad8 19.g4 Bc8 20.g5 Nd7 21.g6 Nf6 22.Bg5 Rd6
23.Bxf6 Rxf6 24.gxf7+ Rxf7 25.Bh5 g6 26.fxg6 Rg7 27.Kh1 Kh8 28.Rf7 e4 29.Rxg7
Kxg7 30.gxh7 {#r} 1-0

[Event "Oberliga Northeast 1991/92"]
[Site "masterchessopen.com Germany"]
[Round "-56"]
[White "Schulz Rainer (GER)"]
[Black "Hoeppner Juergen (GER)"]
[Result "1-0"]
[WhiteElo "2268"]
[BlackElo "2095"]

1.d4 Nf6 2.c4 e6 3.Nc3 Bb4 4.e3 c5 5.Bd3 Nc6 6.Ne2 d5 7.a3 cxd4 8.exd4 Be7
9.Bf4 a6 10.O-O O-O 11.Rc1 dxc4 12.Bxc4 Nd5 13.Bg3 Bf6 14.Ne4 Nb6 15.Ba2 e5
16.d5 Nb8 17.N2c3 N8d7 18.Qf3 g6 19.Nxf6+ Qxf6 20.Qxf6 Nxf6 21.Bxe5 Nbd7
22.Bd6 Re8 23.Rfe1 Nb6 24.Bc7 {#r} 1-0

[Event "Hessenliga 1991/92"]
[Site "masterchessopen.com Hessen (Germany)"]
[Round "0"]
[White "Henrich Thomas (GER)"]
[Black "Diez Gonzalez Pedro (ESP)"]
[Result "1-0"]
[WhiteElo "2222"]
[BlackElo "2234"]

1.d4 Nf6 2.c4 e6 3.Nc3 Bb4 4.e3 c5 5.Bd3 Nc6 6.Ne2 d5 7.cxd5 exd5 8.a3 cxd4
9.axb4 dxc3 10.b5 Ne5 11.Nxc3 O-O 12.Be2 Bf5 13.Qd4 Qd6 14.f4 Ned7 15.Rxa7
Rxa7 16.Qxa7 b6 17.Qa3 Nc5 18.O-O d4 19.exd4 Qxd4+ 20.Kh1 Re8 21.h3 Nd3
22.Bxd3 Qxd3 23.Rd1 Qc2 24.Qd6 h6 25.Kh2 Qf2 26.Qd4 Qh4 27.Bd2 Nh5 28.Kg1 Bxh3
29.Qxb6 Bf5 30.Qc6 Re6 31.Qf3 Ng3 32.Be1 {#r} 1-0

[Event "It (open)"]
[Site "masterchessopen.com Mar del Plata (Argentina)"]
[Round "7"]
[White "Alegria Gregorio (ARG)"]
[Black "Moreno Carlos (PER)"]
[Result "1-0"]
[WhiteElo "1957"]
[BlackElo "1879"]

1.d4 Nf6 2.c4 e6 3.Nc3 Bb4 4.e3 c5 5.Bd3 d5 6.Nf3 Bxc3+ 7.bxc3 Ne4 8.Qc2 f5
9.O-O Nd7 10.Nd2 b6 11.f3 Nd6 12.cxd5 exd5 13.Bxf5 Nf6 14.Bxc8 Rxc8 15.e4 dxe4
16.fxe4 Nf7 17.e5 Nd5 18.e6 Nd6 19.Ne4 Nxe4 20.Qxe4 Nxc3 21.Qf3 Qxd4+ 22.Be3
Qf6 23.Qg4 Qg6 24.Qc4 Ne4 25.Qb5+ {#r} 1-0

[Event "Memorial M.Tal"]
[Site "masterchessopen.com Moscow (Russia)"]
[Round "18"]
[White "Trofimov Sergey (RUS)"]
[Black "Nikolenko Oleg (RUS)"]
[Result "0-1"]
[WhiteElo "2408"]
[BlackElo "2465"]

1.d4 Nf6 2.c4 e6 3.Nc3 Bb4 4.e3 c5 5.Bd3 Nc6 6.Nf3 Bxc3+ 7.bxc3 d6 8.O-O e5
9.Qc2 O-O 10.dxc5 dxc5 11.Ng5 h6 12.Ne4 b6 13.Nxf6+ Qxf6 14.Be4 Bb7 15.Bd5 Na5
16.e4 Rad8 17.Be3 Ba6 18.Qa4 Qe7 19.f4 Qe8 20.Qa3 Bxc4 21.Bxc5 bxc5 22.Qxa5
Bxf1 23.Rxf1 Qe7 24.f5 Rb8 25.f6 gxf6 26.Qa6 Rb6 27.Qe2 Kh7 28.Qh5 Rg8 29.Qf5+
Rg6 30.h4 Kg7 31.g4 Rd6 32.g5 Qd7 33.Rb1 Rxd5 {#R} 0-1

[Event "It (open)"]
[Site "masterchessopen.com Palma de Majorca (Spain)"]
[Round "0"]
[White "Benito Alba Eladio (ESP)"]
[Black "Campos Jose Felix (ARG)"]
[Result "0-1"]
[WhiteElo "1786"]
[BlackElo "2163"]

1.d4 e6 2.c4 Nf6 3.Nc3 Bb4 4.e3 c5 5.Bd3 Nc6 6.Nf3 Bxc3+ 7.bxc3 d6 8.e4 e5
9.d5 Ne7 10.O-O h6 11.Ne1 O-O 12.f4 exf4 13.Bxf4 Ng6 14.Bg3 Ng4 15.Qd2 N4e5
16.Nf3 Qe7 17.Rad1 Bd7 18.Qc2 Rae8 19.Qb1 Bc8 20.Nxe5 Nxe5 21.Qc2 Qc7 22.Bxe5
Rxe5 23.Rf2 Rfe8 24.Rdf1 R8e7 25.Rf4 Bd7 26.Qf2 Be8 27.Qg3 Rg5 28.Rg4 Rxg4
29.Qxg4 Qa5 30.e5 Rxe5 31.Qf3 Qxa2 32.h3 Qd2 33.Rf2 Qe3 {#R} 0-1

[Event "It (cat.4) \"]
[Site "masterchessopen.com Prague (Czech Republic)"]
[Round "0"]
[White "Netusil Miroslav (CZE)"]
[Black "Chloupek Stanislav (CZE)"]
[Result "1-0"]
[WhiteElo "2318"]
[BlackElo "2338"]

1.d4 Nf6 2.c4 e6 3.Nc3 Bb4 4.e3 c5 5.Bd3 Nc6 6.Nf3 Bxc3+ 7.bxc3 d6 8.O-O e5
9.Ng5 O-O 10.f4 exf4 11.Rxf4 h6 12.Rxf6 Qxf6 13.Nh7 Qe7 14.Nxf8 Kxf8 15.Qf3
Bd7 16.Bd2 Re8 17.Rf1 Nd8 18.Qg3 b6 19.e4 Ne6 20.d5 Nd8 21.Bf4 Nb7 22.h4 Bc8
23.e5 dxe5 24.Bxh6 f6 25.Qg6 e4 26.Rxf6+ Kg8 27.Bxg7 {#r} 1-0

[Event "Ch Croatia (team)"]
[Site "masterchessopen.com Pula (Croatia)"]
[Round "6"]
[White "Cvitan Ognjen (CRO)"]
[Black "Kovacevic Veljko (CRO)"]
[Result "1-0"]
[WhiteElo "2550"]
[BlackElo "2210"]

1.d4 Nf6 2.c4 e6 3.Nc3 Bb4 4.e3 c5 5.Bd3 Nc6 6.Nf3 Bxc3+ 7.bxc3 d6 8.Nd2 e5
9.d5 Ne7 10.O-O O-O 11.Re1 Bf5 12.e4 Bg6 13.Nf1 Nd7 14.g4 Nc8 15.Ng3 Qh4
16.Be3 Nf6 17.f3 h5 18.Qd2 hxg4 19.Bg5 Qh7 20.Bxf6 gxf6 21.fxg4 Qh4 22.Re3 Kg7
23.Qf2 Qxg4 24.Rf1 Rh8 25.Qxf6+ Kg8 26.Ref3 Rh6 27.Qd8+ Kg7 28.Be2 Nb6 {#r}
1-0

[Event "It"]
[Site "masterchessopen.com Sas Van Gent (Netherlands)"]
[Round "1"]
[White "Jelen Iztok (SLO)"]
[Black "Deleyn Gunter (BEL)"]
[Result "0-1"]
[WhiteElo "2430"]
[BlackElo "2250"]

1.d4 Nf6 2.c4 e6 3.Nc3 Bb4 4.e3 c5 5.Bd3 Nc6 6.Ne2 Bxc3+ 7.bxc3 e5 8.O-O O-O
9.e4 d6 10.d5 Ne7 11.f4 exf4 12.Bxf4 Ng4 13.h3 Ne5 14.Bxe5 dxe5 15.Qd2 Ng6
16.Rf2 h6 17.Kh2 Qg5 18.Qxg5 hxg5 19.Ng3 Nf4 20.Bc2 g6 21.Ne2 Kg7 22.Nxf4 gxf4
23.g4 Rh8 24.Kg2 Bd7 25.Rb1 b6 26.Bd3 Rh4 27.Re1 Kf6 28.Bc2 Rah8 29.Rf3 Bxg4
{#R} 0-1

[Event "Ch Slovenia"]
[Site "masterchessopen.com Slovenia"]
[Round "0"]
[White "Jelen Igor (SLO)"]
[Black "Barle Janez (SLO)"]
[Result "0-1"]
[WhiteElo "2355"]
[BlackElo "2455"]

1.d4 Nf6 2.c4 e6 3.Nc3 Bb4 4.e3 c5 5.Bd3 d5 6.cxd5 exd5 7.a3 cxd4 8.exd4 Be7
9.Nge2 O-O 10.O-O Nc6 11.Bc2 Bg4 12.f3 Bh5 13.Nf4 Bg6 14.Bb3 Re8 15.Ncxd5 Nxd5
16.Nxd5 Bf6 17.Nxf6+ Qxf6 18.d5 Nd4 19.Kh1 Re2 20.Rg1 Qe5 21.f4 Qe4 22.Bc4 Rc2
23.Ba2 Re8 24.Bd2 Ne2 25.Bb1 Qc4 26.Bxc2 Bxc2 27.Qe1 Qxd5 28.Bc3 Ba4 29.Rf1
Bc6 30.Rf3 Qxf3 {#R} 0-1

[Event "It (cat.5)"]
[Site "masterchessopen.com Werfen (Austria)"]
[Round "8"]
[White "Hager Franz (AUT)"]
[Black "Grabert Ralf (GER)"]
[Result "1-0"]
[WhiteElo "2224"]
[BlackElo "2254"]

1.d4 e6 2.c4 Nf6 3.Nc3 Bb4 4.e3 c5 5.Bd3 Nc6 6.Nf3 Bxc3+ 7.bxc3 d6 8.O-O e5
9.Ng5 h6 10.Ne4 Nxe4 11.Bxe4 Na5 12.f4 exd4 13.cxd4 O-O 14.f5 Nxc4 15.f6 Re8
16.Bd5 Be6 17.Bxb7 Rb8 18.Bc6 Bd7 19.Bxd7 Qxd7 20.Qf3 d5 21.dxc5 Ne5 22.Qg3
Qg4 23.fxg7 Qxg3 24.hxg3 Rb5 25.e4 Rxc5 26.exd5 Ng4 27.d6 Rd5 28.Bf4 Kxg7
29.Rfd1 Rxd1+ 30.Rxd1 Rd8 31.d7 Nf6 32.Be5 Kg6 33.Rd6 Rxd7 34.Rxf6+ {#r} 1-0

[Event "Ch URS (juniors)"]
[Site "masterchessopen.com Yurmala (Latvia)"]
[Round "0"]
[White "Makarjev Ilja (RUS)"]
[Black "Kiriakov Petr (RUS)"]
[Result "1-0"]
[WhiteElo "2330"]
[BlackElo "2538"]

1.d4 Nf6 2.c4 e6 3.Nc3 Bb4 4.e3 c5 5.Bd3 Nc6 6.Nf3 Bxc3+ 7.bxc3 d6 8.e4 e5
9.d5 Ne7 10.Nd2 O-O 11.Nf1 Ne8 12.Ng3 f5 13.exf5 Nxf5 14.Qc2 Qf6 15.O-O h6
16.Ne4 Qd8 17.f4 exf4 18.Rxf4 g5 19.Rf2 Neg7 20.Bd2 Bd7 21.Raf1 Qe7 22.Qc1 Kh8
23.Bb1 Nh4 24.Nxg5 Rxf2 25.Rxf2 Ngf5 26.Ne6 Bxe6 27.dxe6 Qxe6 28.Qf1 Rf8 29.g3
Qg6 30.Rf4 Kg7 31.Kh1 {#r} 1-0

[Event "It (open)"]
[Site "masterchessopen.com Avesta (Sweden)"]
[Round "0"]
[White "Wessman Richard (SWE)"]
[Black "Sittenfeld Johan (SWE)"]
[Result "1-0"]
[WhiteElo "2423"]
[BlackElo "2209"]

1.d4 Nf6 2.c4 e6 3.Nc3 Bb4 4.e3 c5 5.Bd3 Nc6 6.Nf3 Bxc3+ 7.bxc3 d6 8.O-O e5
9.d5 Ne7 10.Nd2 O-O 11.Qc2 Ng6 12.Rb1 b6 13.a4 a5 14.h3 Re8 15.Kh2 Rb8 16.f4
exf4 17.exf4 Nh5 18.f5 Ne5 19.Nf3 Nf6 20.Bf4 Ba6 21.Bxe5 dxe5 22.Nd2 e4
23.Nxe4 Nxe4 24.Bxe4 Bxc4 25.Rfd1 Qh4 26.Bf3 Re3 27.d6 Qf4+ 28.Kg1 Rd8 29.Qf2
Bd3 30.Rxb6 Bxf5 31.Bd5 Qe5 32.Rb7 Be6 {#r} 1-0

[Event "It (cat.4)"]
[Site "masterchessopen.com Bucharest (Romania)"]
[Round "0"]
[White "Dumitrache Dragos-Nicolae (ROM)"]
[Black "Chachere Lawrence (USA)"]
[Result "1-0"]
[WhiteElo "2425"]
[BlackElo "2305"]

1.d4 Nf6 2.c4 e6 3.Nc3 Bb4 4.e3 c5 5.Bd3 Nc6 6.Ne2 d5 7.cxd5 Nxd5 8.a3 cxd4
9.axb4 dxc3 10.bxc3 O-O 11.O-O Ne5 12.Bb1 Qc7 13.Qc2 f5 14.e4 Ng4 15.Ng3 Nf4
16.exf5 exf5 17.h3 Ne5 18.Bxf4 {#r} 1-0